Medzinárodné porovnanie vývoja vybraných ukazovateľov

Bibliographic Details
Corporate Author: Slovensko. Štatistický úrad (Author)
Format: Article
Language:Slovak
PhysicalDescription:Tab.
Subjects:

MARC

LEADER 00000nab a2200000 a 4500
001 vtls000816685
003 SK-MaSNL
005 20260302151846.0
008 040806c2002 xo 0 slo
015 |a SNBRB2002/12-39541 
035 |a CLN000168340 
040 |a SNKBUCL  |b slo  |c SNKBUCL  |e AACR2 
041 0 |a slo 
044 |a xo  |c SK 
080 |a 31:338.2(437.6:437.1/.2:439:438:498:497.12)  |2 UDC-MRF-SK2 
080 |a 338.2(437.6:437.1/.2:439:438:498:497.12):31  |2 UDC-MRF-SK2 
110 1 |a Slovensko.  |b Štatistický úrad  |4 aut 
245 0 0 |a Medzinárodné porovnanie vývoja vybraných ukazovateľov  |c Štatistický úrad Slovenskej republiky 
300 |b Tab. 
650 0 7 |a hospodárstvo  |x tabuľky štatistické  |z Slovensko  |z Česko  |z Maďarsko  |z Poľsko  |z Rumunsko  |z Slovinsko  |y január-september 2002  |2 snkbucl  |9 844147 
655 7 |a články z novín a časopisov  |2 snkbucl  |9 267496 
773 0 |t Bulletin  |g Č. 9 (2002), s. 37 
850 |a Slovenská národná knižnica v Martine 
852 |a SNK  |b KIS3GCP 
999 |c 1361021  |d 1362951